Montenegro... or Moldova - Statistics

General Stats
  • This quiz has been taken 719 times
  • The average score is 11 of 15
Answer Stats
Question Answer % Correct
Used to be part of the Soviet Union Moldova
98%
This country's name is "Crna Gora" in its official language Montenegro
92%
Is the larger country of the two Moldova
88%
Has the lowest life expectancy out of any European country (71 years) Moldova
86%
Has the higher GDP per capita out of the two Montenegro
81%
Is part of NATO Montenegro
77%
Uses the euro as its currency Montenegro
77%
The average person is 72.13 inches tall (173.8 cm), making it the second "tallest" country in the world Montenegro
72%
Is one of the five youngest countries in the world Montenegro
71%
Has one of the five highest alcohol consumption rates per capita in the world Moldova
68%
Its largest city is also its capital city Both
63%
Is not part of the EU Both
61%
Majority of the population is Orthodox Christian Both
59%
Its government system is a parliamentary republic Both
55%
Has the higher population density of the two Moldova
34%
No matching quizzes found
Score Distribution
Percent of People with Each Score
Percentile by Number Answered
Your Score History
You have not taken this quiz